000 01005pam a2200253 a 4500
999 _c58394
_d58394
001 4490146
005 20220114131445.0
008 970714s1998 nyu b 001 0 eng
020 _a9780195099553
080 _a821.111.1 A-10
245 0 2 _aA handbook of critical approaches to literature /
_cWilfred L. Guerin ... [et al.].
250 _a4th ed.
264 _aNew York :
_bOxford University Press,
_c1998.
300 _a414 p. ;
_c21 cm.
650 0 _aCriticism.
_913384
653 _aკრიტიკა
653 _aКритика
653 _aლიტერატურის კრიტიკული მიდგომების სახელმძღვანელო
653 _aСправочник критических подходов к литературе
700 1 _aGuerin, Wilfred L.
_eავტორი
_913385
700 1 _aLabor, Earle
_eავტორი
_913386
700 1 _aMorgan, Lee და სხვ.
_eავტორი
_913387
942 _2udc
_cBK